Juventus Most Appareances - Foreign Players - Statistics

General Stats
  • This quiz has been taken 379 times
    14 since last reset
  • The average score is 34 of 51
Answer Stats
Appearances Goals Country Years Answer % Correct
134 101 Portugal 2018-2021 Cristiano Ronaldo
100%
327 16 Brazil 2015-2024 Alex Sandro
91%
185 59 Spain 2014-2022 Alvaro Morata
91%
133 8 France 2017-2020 Blaise Matuidi
91%
213 9 Brazil 2019-2025 Danilo
91%
320 171 France 2000-2010 David Trezeguet
91%
163 64 Serbia 2022- Dusan Vlahovic
91%
112 6 Serbia 2022- Filip Kostic
91%
149 66 Argentina 2016-2020 Gonzalo Higuain
91%
314 26 Colombia 2015-2023 Juan Cuadrado
91%
204 1 France 2001-2006 Lilian Thuram
91%
117 8 Netherlands 2019-2022 Matthijs de Ligt
91%
223 104 France 1982-1987 Michel Platini
91%
293 115 Argentina 2015-2022 Paulo Dybala
91%
327 65 Czech Republic 2001-2009 Pavel Nedved
91%
181 3 Uruguay 2017-2022 Rodrigo Bentancur
91%
145 21 Germany 2015-2021 Sami Khedira
91%
224 27 USA 2020- Weston McKennie
91%
252 0 Poland 2017-2024 Wojciech Szczesny
91%
212 22 France 2019-2024 Adrien Rabiot
82%
171 48 Chile 2011-2015 Arturo Vidal
82%
117 12 Brazil 2022- Gleison Bremer
82%
126 27 Turkey 2023- Kenan Yildiz
82%
156 5 Ghana 2012-2018 Kwadwo Asamoah
82%
162 44 Croatia 2015-2020 Mario Mandzukic
82%
119 7 Uruguay 2009-2019 Martin Caceres
82%
178 22 Bosnia Herzegovina 2016-2020 Miralem Pjanic
82%
259 15 Switzerland 2011-2018 Stephan Lichtsteiner
82%
212 31 France 1996-2001 Zinedine Zidane
82%
103 10 Brazil 2017-2020 Douglas Costa
73%
190 34 France 2012-2024 Paul Pogba
73%
235 10 Netherlands 1998-2004 Edgar Davids
64%
178 4 France 1994-1999 Didier Deschamps
55%
151 36 Denmark 1983-1989 Michael Laudrup
55%
179 104 Wales 1957-1962 John Charles
45%
100 3 Mali 2008-2011 Mohammed Sissoko
45%
132 31 Poland 1982-1985 Zbigniew Boniek
45%
174 21 Croatia 1999-2007 Igor Tudor
36%
277 6 Uruguay 1996-2005 Paolo Montero
36%
187 124 Denmark 1948-1954 John Hansen
27%
117 1 France 2004-2010 Jonathan Zebina
27%
145 13 Germany 1991-1995 Jurgen Kohler
27%
293 28 Spain 1962-1970 Luis Del Sol
27%
160 34 Uruguay 1997-2007 Marcelo Zalayeta
27%
294 6 San Marino 1981-1988 Massimo Bonini
27%
114 3 Czech Republic 2007-2011 Zdenek Grygera
27%
233 50 Denmark 1949-1956 Carl Aage Praest
18%
111 10 Brazil 1965-1968 Cinesinho
18%
174 33 Germany 1968-1973 Helmut Haller
18%
125 6 Brazil 1990-1994 Julio Cesar
18%
175 74 Argentina 1928-1935 Raimundo Orsi
18%
No matching quizzes found
Score Distribution
Percent of People with Each Score
Percentile by Number Answered
Your Score History
You have not taken this quiz since the last reset